Statistics for Shrewsbury Town 2023/24 Squad

Click here to take the quiz!

General Stats

  • This quiz has been taken 12 times
  • The average score is 14 of 28

Answer Stats

HintAnswer% Correct
1
Slovakian Goalkeeper
Saved a penalty vs Lincoln on the final day of the 2022/23 season
Marko Marosi
100%
22
English Defender
Our captain, was sent off after just 4 minutes against Wigan
Cheyenne Dunkley
75%
11
Nigerian Forward
A fan favourite, he was signed from Telford after getting a job at a fish and chips shop
Daniel Udoh
75%
2
Welsh Midfielder
On loan from Luton, made his debut in the FA Cup first round tie against Colchester.
Elliot Thorpe
75%
3
English Defender
Has made over 400 career appearances for Mansfield, Walsall and York
Malvind Benning
75%
9
English Forward
Has scored 18 goals for Shrewsbury, including a last-minute winner against Oxford
Ryan Bowman
75%
14
English Midfielder
Signed at the start of the season, he has been a brilliant signing, bossing the midfield
Taylor Perry
75%
33
Northern Irish Defender
Signed from Sunderland, this 194cm giant joined Shrewsbury on last season's deadline day
Tom Flanagan
75%
16
Grenadian Defender
Our player of the year in 2021, he re-signed midway through the season
Aaron Pierre
50%
7
Northern Irish Midfielder
Made his Northern Ireland debut when he was 18, was the first signing made by Matt Taylor
Carl Winchester
50%
17
English Midfielder/Defender
This season's vice captain, he is 34 years old but is still one of Shrewsbury's most important players
Elliott Bennett
50%
23
English Defender
Made 53 appearances during the 2021/22 season, since then has ruptured his ACL twice
George Nurse
50%
13
English Goalkeeper
Spent 10 years with Wolves, joined Shrewsbury in the January 2020 transfer window
Harry Burgoyne
50%
37
English Forward
Made his debut this season, another academy graduate
Harvey Watts
50%
26
Irish Midfielder
Only ever played for 2 clubs, the other being Coventry
Jordan Shipley
50%
10
English Forward
On loan from Huddersfield, yet to score in his 8 games for the Shrews
Kieran Phillips
50%
27
New Zealand Forward
Has played for the New Zealand national team as recently as October 2023
Max Mata
50%
8
English Midfielder
Only made one appearance for Shrewsbury due to a bad injury, on loan from Southampton
Ryan Finnigan
50%
20
English Midfielder
Has done it all this season, own goal, missed pen, and scored a goal
Tom Bayliss
50%
15
Irish Defender
Signed at the start of the season, hasn't started a game yet but has impressed when brought on
Tunmise Sobowale
50%
25
English Defender
Small wing-back, has impressed following his loan move from Hull
Brandon Fleming
25%
36
English Midfielder
Another academy player, played in three EFL Trophy games last season
Declan Hutchings
25%
6
English Defender
20 year old new signing, a centre back who loves going forward
Jason Sraha
25%
4
English Defender
On loan from Sunderland, was sent off for Shrewsbury against Oxford in League One
Joe Anderson
25%
35
English Defender
One of three academy scholars to sign a permanent contract at the start of this season
Josh Bailey
25%
5
English Defender
Was the second signing made by Matt Taylor from Carlisle, also 190cm tall
Morgan Feeney
25%
42
Liberian Midfielder
A powerhouse in defensive midfield, got the assist to give Shrews the win against Northampton
Nohan Kenneh
25%
34
English Defender
Started 2 games in the EFL Trophy for Shrewsbury
Nana Owusu-Gyimah
0%

Score Distribution

Percentile by Number Answered

Percent of People with Each Score

Your Score History

You have not taken this quiz